000 01268nam a22003377a 4500
003 CHAP
005 20240214090046.0
008 971013s1993 r 00010 d
010 _a9559
011 _a10531
035 _a9768
040 _cCHAP
082 _a581.1
_bL37
100 0 0 _aLarqué Saavedra, Francisco Alfonso.
_964944
245 _aFisiología vegetal experimental
_b: aislamiento y cuantificación de los reguladores de crecimiento vegetal
260 _aMéxico, D.F. :
_bTrillas,
_c1993
300 _a193 p.
_b: ilus. ; gráfs
590 _aBATCH-UPD
_b10
_c20130110
590 _aBATCH-UPD
_b10
_c20130410
590 _aBATCH-UPD
_b10
_c20130914
590 _aCONVERSION
_b10
_c20130109
650 1 4 _aFisiología vegetal.
_941136
650 1 4 _aPlantas
_xCrecimiento
_xEstimulantes.
_988808
700 0 _aRodríguez González, María Teresa.
_998552
901 _aBK
942 _cLIBRO
_2ddc
949 _a581.1 L37
_bBC
_cLIBRO
_d33724000003232
_eLIBRO
_fc.4
_h88142
_i9768
_si
_t30.00
949 _a581.1 L37
_bBC
_cLIBRO
_d33724000003240
_eLIBRO
_fc.3
_h88342
_i9768
_si
_t30.00
949 _a581.1 L37
_bBC
_cLIBRO
_d33724000425518
_eLIBRO
_gI.c/e
_h86007
_i9768
_si
_t30.00
949 _a581.1 L37
_bBC
_cLIBRO
_d33724000827481
_eLIBRO
_fc.2
_gI.c/e
_h86008
_i9768
_si
_t30.00
999 _c9559
_d9559